000 00349nam a2200145Ia 4500
008 200103s9999||||xx |||||||||||||| ||und||
020 _a9789351343479
040 _aIMU-MPC
082 _aColumn-33
100 _aRattan, S. S.
245 0 _aTheory of Machines
260 _bMcGraw-Hill Book Company, Inc.
_c2014
300 _axvii, 796
942 _cBK
999 _c7789
_d7789